000 00991nam a2200241 a 4500
001 BRCA_1503
005 20190320203445.0
008 941020s1994 mx-a---##b---#000-0#spa-#
020 _a9682958490
050 4 _aND259.A7
_b.C37 1994
100 1 _aCastro Morales, Efraín
_94908
245 1 0 _aJosé Agustín Arrieta
_b1803-1874, homenaje nacional
_cEfraín Castro Morales ; introducción de Xavier Moyssén.
260 _a[México]
_bINBA : CONACULTA
_c1994
300 _a264 p.
_bil. a color
_c33 cm.
_eaddenda
500 _aCatálogo de la exposición realizada en el Museo Nacional de Arte (Ciudad de México), agosto - octubre, 1994
500 _aIncluye índice de ilustraciones, apéndice documental y cronología
500 _a2do. ejemplar en el Área de Investigación
504 _aBibliografía: p. 127-130
600 1 4 _aArrieta, Agustín
_d1802-1874
_vExposiciones
_94909
700 1 _aArrieta, Agustín
_d1802-1874
_94910
700 1 _aMoyssén, Xavier
_93873
942 _2lcc
_cB
999 _c1363
_d1363